Casos de empresas: estrategia, finanzas, marketing, recursos humanos
Bewaard in:
| Hoofdauteur: | |
|---|---|
| Formaat: | Boek |
| Taal: | Spaans |
| Gepubliceerd in: |
Santiago
Universidad Católica de Chile
2000
|
| Editie: | 1a. ed |
| Reeks: | Lecciones
|
| Onderwerpen: | |
| Tags: |
Voeg label toe
Geen labels, Wees de eerste die dit record labelt!
|
MARC
| LEADER | 00000cam a2200000 a 4500 | ||
|---|---|---|---|
| 001 | UCN3487 | ||
| 003 | CL-VaPUC | ||
| 008 | 010629e20000000CL |||||||||||||||||spa|d | ||
| 020 | |a 9561405938 | ||
| 082 | 0 | 4 | |a 658.403 |b RIV |2 21 |
| 100 | 0 | |a Rivera Izam, José |e author |9 460024 | |
| 245 | 1 | 0 | |a Casos de empresas: estrategia, finanzas, marketing, recursos humanos |
| 250 | |a 1a. ed | ||
| 300 | |a 214 p | ||
| 942 | |c BK | ||
| 945 | |d 20010629 00:00:00 |a vberengu | ||
| 260 | |a Santiago |b Universidad Católica de Chile |c 2000 | ||
| 650 | 0 | |a Toma de decisiones |9 257530 | |
| 650 | 0 | |a Administración de empresas |9 260833 | |
| 650 | 0 | |a Recursos humanos |9 228420 | |
| 650 | 0 | |a Operaciones administrativas |9 335045 | |
| 650 | 0 | |a Finanzas |9 260832 | |
| 650 | 0 | |a Marketing |9 259324 | |
| 583 | |a last modification |c 20161202 11:13:29 |k Rodrigo Vera | ||
| 490 | 0 | |a Lecciones | |
| 999 | |c 296346 |d 296344 | ||
| 952 | |0 0 |1 0 |4 0 |6 658_403000000000000_RIV_2000 |7 0 |8 A |9 350067 |a BIBENE |b BIBENE |d 2019-11-20 |i 3734269 |o 658.403 RIV 2000 |p 3734269 |r 2025-01-15 |w 2019-11-20 |y BK |k ICO | ||